000 00199 a2200109 4500
020 _a9780764141805
041 _aspa
100 _aJennifer Moore
245 _aSoy sorda
942 _cBK
952 _71
999 _c23176
_d23176